000 00745nam a2200229Ii 4500
003 JO-AjNU
008 230605s9999||||xx |||||||||||||| ||und||
017 _a2641/5/2019
020 _a978-9923-16-037-4
040 _aJO-AjNU
_bara
_erda
_cJO-AjNU
041 _aara
050 1 4 _aPJ7864.2022
100 3 _aاركيبي، رشيد,
_eauthor
_963013
245 0 0 _aالالتزام والبعد الديني في الرواية العربية
250 _aط1
264 3 1 _aعمان: دار الابتكار للنشر والتوزيع، 2022
300 _a307ص
336 _atext
_btxt
_2rdacontent
337 _aunmediated
_bn
_2rdamedia
338 _avolume
_bnc
_2rdacarrier
650 4 _aالرواية-البعد الديني
_963014
999 _aA28561
_c32129
_d32129